000 00587nam a2200169Ia 4500
008 090201s9999 xx 000 0 und d
010 _aKPL-14798
040 _bमराठी
041 _aमराठी
082 _a34792
_b14798
100 _aचंद्रकांत काकोडकर
245 _aहि वाट दूर जाते
_cचंद्रकांत काकोडकर
260 _c2004
_bचंद्रकांत प्रकाशन
300 _a187
_bमोठा
600 _aहि वाट दूर जाते
942 _cBOOK
999 _c232968
_d232968